000
00223nam a22001097a 4500
082
_a
158
_b
SUK/W
100
_a
SUKHABODHANANDA
245
_a
WORDLESS WISDOM
300
_a
220
650
_a
PERSONALITY DEVELOPMENT
942
_c
BK
999
_c
5432
_d
5432